Slayyyter - WOR$T GIRL IN AMERICA - Statistics

General Stats
  • This quiz has been taken 6 times
  • The average score is 11 of 19
Answer Stats
2026 WOR$T GIRL IN AMERICA % Correct
5 CRANK
100%
1 DANCE...
100%
2 BEAT UP CHANEL$
83%
14 BRITTANY MURPHY.
83%
6 GAS STATION
83%
4 OLD TECHNOLOGY
83%
3 CANNIBALISM!
67%
9 OLD FLING$
67%
13 *PRAYER*
67%
8 UNKNOWN LOVERZ
67%
12 WHAT IS IT LIKE, TO BE LIKED?
67%
7 YES GODDD
67%
10 I'M ACTUALLY KINDA FAMOUS
50%
11 $T. LOSER
50%
15 BRAND NEW CHANEL$
17%
16 BROKE BITCH FREE$TYLE
17%
19 CRANK 2
17%
18 ICON
17%
17 SEXYBACK
17%
No matching quizzes found
Score Distribution
Percent of People with Each Score
Percentile by Number Answered
Your Score History
You have not taken this quiz